1091 1449 1668 1398 1027 1169 1960 1460 1583 1505 1688 1300 1447 1041 1835 1753 1218 1980 1073 1662 1297 1227 1265 1781 1988 1072 1294 1546 1142 1113 1083 1904 1068 1189 1261 1243 1682 1815 1157 1797 1882 1821 1241 1916 1953 1360 1895 1339 1147 1105 1378 1967 1819 1008 1377 1121 1675 1434 1308 1300 1378 1297 1924 1235 1163 1479 1689 1603 1228 1483 1416 1865 1547 1006 1647 1115 1968 1297 1049 1963 1874 1756 1888 1070 1970 1722 1158 1476 1885 1560 1790 1556 1088 1648 1387 1352 1051 1824 1466 BCNSPRNW ULIB Ver.6.0+V

เปลี่ยนเป็นภาษาไทย

Change to English
 แสดงรายละเอียดบรรณานุกรม
  กลับหน้าหลัก

Brief Record : Get Marc (ISO 2709) : E-mail record : QR code < ปิดหน้าต่าง
LEADER : 00000nam 2200000uu 4500
001    13399109653
003     ULIB
008    110407s2552||||th 000 0 tha d
020    9789747434798
060 04 WB935^bส761ส 2552
110 1  มหาวิทยาลัยราชภัฏนครสวรรค์
245 10 สืบสานประเพณี-วิถีบรรพชน:ภูมิปัญญาการแพทย์แผนไทยจังหวัดนครสวรรค์/^cบรรณาธิการ,สุชาติ แสงทอง,ประสูติ พวงสมบัติ,นลินี บุญธรรม
260    กรุงเทพฯ :^bมหาวิทยาลัยราชภัฏนครสวรรค์,^c2552
300    237 หน้า :^bภาพประกอบสี
650  7 การแพทย์แผนไทย
650  7 สมุนไพร
700 0  สุชาติ แสงทอง,^eบรรณาธิการ
700 0  ประสูติ พวงสมบัติ,^eบรรณาธิการ
700 0  นลินี บุญธรรม,^eบรรณาธิการ
945    ^p0^l0^i026591
945    ^p0^l0^i026590
995    ทศพร
999 ^a ใช้งานได้ทุกระบบ
รายการนี้ยังไม่มีแท็ก
คุณยังไม่ได้ล็อกอิน คุณสามารถมีกิจกรรมร่วมกับเว็บไซต์ได้ แต่ต้องล็อกอินก่อน ::
  ล็อกอิน

รายการสื่อสารสนเทศ

ลำดับที่ ประเภท เลขเรียก/บาร์โค้ด สถานที่ สถานะ
- ไม่พบข้อมูล -

รายการใกล้เคียง
    หัวเรื่อง [การแพทย์แผนไทย]
    หัวเรื่อง [สมุนไพร]

BibComment


ยังไม่เคยถูกคอมเมนท์

คอมเมนท์ทรัพยากรรายการนี้
  คอมเมนท์: สืบสานประเพณีวิถี..


 Copyright 2026. Bcnsprnw @Library